| 000 | 00503pab a2200181 454500 | ||
|---|---|---|---|
| 008 | 180718b1996 xxu||||| |||| 00| 0 eng d | ||
| 100 | _aLockwood, Ben | ||
| 245 | _aFiscal policy, public debt stabilisation and politics: theory and U.K. evidence | ||
| 260 | _c1996 | ||
| 300 | _ap.894-911 | ||
| 362 | _aJul | ||
| 650 | _aPublic finance - Great Britain | ||
| 650 | _aPublic finance | ||
| 700 | _aSnell, Andy | ||
| 700 | _aPhilippopoulos, Apostolis | ||
| 773 | _aEconomic Journal | ||
| 909 | _a31911 | ||
| 999 |
_c31911 _d31911 |
||